000 00633nam a2200241Ia 4500
003 OSt
005 20221005043209.0
006 a|||||r|||| 00| 0
007 ta
008 221004b |||||||| |||| 00| 0 eng d
024 _a73922
037 _cTextual
040 _aCRL
_cCRL
_beng
041 _2eng
_aeng
082 _aO-,2J64:g(L72), J9
100 _aHawkes Terence
245 0 _aColeridge on Shakespeare
260 _aEngland
_bPenguin Books
_c1959
300 _a289p.
_ccm.
650 _aENGLISH LITERATURE
942 _hO-,2J64:g(L72), J9
_cTEXL
_2cc
999 _c951511
_d951511